000 01108nam a22003257a 4500
003 CHAP
005 20220329142756.0
008 010926d2000 mx ad r 00110 spa d
010 _a87634
011 _a88606
035 _a99151
040 _cCHAP
082 0 4 _a407
_bM3
100 0 0 _aMartínez Gómez, Gladys
_e, comp.
_972113
245 1 0 _aAntología
_c/comp. por Gladys Martínez Gómez
260 _aChapingo, Méx. :
_bUACH. Centro de Autoaprendizaje en Lenguas Extranjeras,
_c2000
300 _apaginación varia :
_bilus. ; cuadros
500 _aCALE
590 _aBATCH-UPD
_b10
_c20130110
_lUCH01
_h0638
590 _aBATCH-UPD
_b10
_c20130410
_lUCH01
_h0322
590 _aBATCH-UPD
_b10
_c20130914
_lUCH01
_h1722
590 _aCONVERSION
_b10
_c20130109
_lUCH01
_h1349
650 1 4 _aAprendizaje.
_96370
650 1 4 _aLenguas
_xEstudio y enseñanza.
_965994
711 0 2 _aSeminario Sobre Aprendizaje Autónomo
_d(2000 :
_cChapingo, Méx.)
_9104263
901 _aBK
905 _aMarco A. Mendoza T.
942 _cLIBRO
949 _a407 M3
_bBC
_cUACH
_d33724000896460
_eUACH
_gDonaciØn
_h103916
_i99151
_sb
999 _c87634
_d87634